Statistics for Languages of Kosovo (with map)

Click here to take the quiz!

General Stats

  • This quiz has been taken 1,483 times
  • The average score is 5 of 6

Answers on the Map

Answers color-coded by a green-red scale on the quiz's map according to % correct below.
 

Answer Stats

Answer% Correct
Albanian
99%
Serbian
99%
Turkish
84%
Bosnian
82%
Shtokavian Croatian
75%
Gorani
34%

Score Distribution

Percentile by Number Answered

Percent of People with Each Score

Your Score History

You have not taken this quiz